000 00303nam a22001337a 4500
008 181101b xxu||||| |||| 00| 0 eng d
020 _a0801650038
041 _aeng
080 _a610.73
100 _a2
101 _aINF
245 _aTextbook of Critical Care Nursing
_cThelan, L.A
942 _2udc
_cBK
999 _c51515
_d51515